| 000 | 02054cam a22004937i 4500 | ||
|---|---|---|---|
| 001 | data | ||
| 005 | 20260322212120.0 | ||
| 006 | data | ||
| 007 | data | ||
| 008 | data | ||
| 035 | _a22879579 | ||
| 906 |
_a7 _bcbc _ccopycat _d1 _eecip _f20 _gy-gencatlg |
||
| 925 | 0 |
_aacquire _eecip ebook _xpolicy default |
|
| 010 | _a 2021763343 | ||
| 020 |
_a9781620931837 _qelectronic bk. |
||
| 020 |
_a1620931834 _qelectronic bk. |
||
| 020 | _z9781620931806 | ||
| 035 | _a(OCoLC)916446484 | ||
| 037 |
_aD26CE556-7308-424F-9864-269F55FA9ADC _bOverDrive, Inc. _nhttp://www.overdrive.com |
||
| 040 |
_aN$T _beng _epn _epn _cN$T _dDLC _dTEFOD _dIDEBK _dYDXCP _dOCLCF _dTEFOD _dEBLCP _dGRR _dOCLCQ _dHCO _dOCLCA _dUKAHL _dOCLCQ _dSHC _dNZAUC _dDLC |
||
| 042 | _alccopycat | ||
| 050 | 0 | 0 | _aTX714 |
| 072 | 7 |
_aCKB _x000000 _2bisacsh |
|
| 082 | 0 | 4 |
_a641.5 _223 |
| 245 | 0 | 0 | _aFresh & easy family meals. |
| 246 | 3 | _aFresh and easy family meals | |
| 264 | 1 |
_aGuiford, CT : _bGooseberry Patch, an imprint of Globe Peqout, _c[2015] |
|
| 264 | 4 | _c©2015 | |
| 300 |
_a1 online resource : _billustrations |
||
| 336 |
_atext _btxt _2rdacontent |
||
| 337 |
_acomputer _bc _2rdamedia |
||
| 338 |
_aonline resource _bcr _2rdacarrier |
||
| 500 | _aIncludes index. | ||
| 505 | 0 | _aFront Cover; Testimonials; Welcome Letter; Title Page; Copyright; Table of Contents; Dedication & Appreciation; Chapter 1; Chapter 2; Chapter 3; Chapter 4; Chapter 5; Chapter 6; Index; Send Us Your Favorite Recipe; More Books You Might Enjoy; U.S. to Metric Equivalents; Our Story | |
| 588 | 0 | _aOnline resource; title from PDF title page (EBSCO, viewed August 10, 2015). | |
| 650 | 0 | _aCooking. | |
| 650 | 7 |
_aCOOKING / General _2bisacsh |
|
| 650 | 7 |
_aCooking. _2fast _0(OCoLC)fst01754966 |
|
| 710 | 2 | _aGooseberry Patch (Firm) | |
| 776 | 0 | 8 |
_iPrint version: _tFresh & easy family meals. _dGuiford, CT : Gooseberry Patch, an imprint of Globe Peqout, [2015] _z162093180X _w(OCoLC)904456682 |
| 985 | _arowliti-oclc 2022-11-21 | ||
| 985 |
_aLC online resource _d2022-11-21 |
||
| 999 |
_c1838 _d1838 |
||